<?xml version="1.0" encoding="UTF-8"?>
<record
    xmlns:xsi="http://www.w3.org/2001/XMLSchema-instance"
    xsi:schemaLocation="http://www.loc.gov/MARC21/slim http://www.loc.gov/standards/marcxml/schema/MARC21slim.xsd"
    xmlns="http://www.loc.gov/MARC21/slim">

  <leader>03304    a2200229   4500</leader>
  <controlfield tag="001">26840</controlfield>
  <controlfield tag="005">20260407155545.0</controlfield>
  <controlfield tag="008">260407a1978    arg                 spa d</controlfield>
  <controlfield tag="003">AR-UNSa-BCEJYS</controlfield>
  <datafield tag="040" ind1=" " ind2=" ">
    <subfield code="a">AR-UNSa-BCEJYS</subfield>
    <subfield code="b">spa</subfield>
    <subfield code="c">AR-UNSa-BCEJYS</subfield>
  </datafield>
  <datafield tag="080" ind1=" " ind2=" ">
    <subfield code="a">347.736</subfield>
    <subfield code="x">Quiebra. Insolvencia. Suspensi&#xF3;n de pagos. Bancarrota, procedimientos. Derecho Concursal</subfield>
  </datafield>
  <datafield tag="245" ind1="1" ind2="0">
    <subfield code="a">Concursos y Quiebras</subfield>
  </datafield>
  <datafield tag="250" ind1=" " ind2=" ">
    <subfield code="a">3a. ed</subfield>
  </datafield>
  <datafield tag="264" ind1=" " ind2="1">
    <subfield code="a">Buenos Aires :</subfield>
    <subfield code="b">Abeledo Perrot</subfield>
    <subfield code="c">1978</subfield>
  </datafield>
  <datafield tag="300" ind1=" " ind2=" ">
    <subfield code="a">997 p.</subfield>
    <subfield code="c">22 cm.</subfield>
  </datafield>
  <datafield tag="505" ind1=" " ind2=" ">
    <subfield code="a">1. Consideraciones generales - 2. Derecho concursal: Teor&#xED;a general - 3. Principios generales de la ley 19.551 - 4. El concurso preventivo - 5. Requisitos formales de la demanda de concurso preventiva - 6. Apertura del concurso preventivo - 7. Efectos de la apertura del concurso preventivo - 8. Notificaciones y publicaci&#xF3;n de edictos - 9. Desistimiento de la demanda de conurso preventivo - 10. El proceso de verificaci&#xF3;n de cr&#xE9;ditos - 11. Informe general del sindico - 12. Contendido de la propuesta de acuerdo - 13. La junta de acreedores - 15. Deliberaci&#xF3;n y votaci&#xF3;n del acuerdo o concordato - 16. Homologaci&#xF3;n del acuerdo o concordato - 17. Efectos del acuerdo homologado - 18. Nulidad acuerdo homologado - 19. Incumplimiento del acuerdo homologado - 20. Acuerdo o concordato por cesi&#xF3;n de bienes - 21. La quiebra - 22. Casos y presupuestos de la demanda de quiebra. Declaraci&#xF3;n - 23. Tramit&#xE9; dela demanda de quiebra - 24. La sentencia de quiebra - 25. Recursos contra la sentencia de quiebra - 26. Efectos de la quiebra. Personales respecto del fallido - 27. Despoderamiento - 28. Per&#xED;odo de sospecha.Efectos - 29. Efectos de la quiebra sobre las relaciones jur&#xED;dicas preexixtentes - 30. Efectos de la quiebra sobre determinadas relaciones jur&#xED;dicas en particular - 31. Extensi&#xF3;n de la Quiebra - 32. Responsabilidad de terceros - 33. Incautaci&#xF3;n, conservaci&#xF3;n y administraci&#xF3;n de los bienes - 34. Continuaci&#xF3;n de la empresa - 35. Per&#xED;odo informativo en la quiebra - 36. Liquidaci&#xF3;n de la quiebra .Realizaci&#xF3;n de bienes - 37. Liquidaci&#xF3;n de la quiebra. Informe final y distribuci&#xF3;n - 38. Conclusi&#xF3;n de la quiebra.Acuerdo resolutorio - 39. Avenimiento - 40. Pago total - 41. Clausura dell procedimiento de la quiebra distribuci&#xF3;n final - 42. Clausura por insuficiencia del activo - 43. Clasificaci&#xF3;n de conducta del fallido y de terceros - 44. Relaci&#xF3;n entre la calificaci&#xF3;n de la conducta y la acci&#xF3;n penal - 45. Calificaci&#xF3;n de la conducta. Efectos personales - 46. Calificaci&#xF3;n de conducta tr&#xE1;mite - 47. Rehabilitaci&#xF3;n del fallido - 48. Liquidaci&#xF3;n administrativa concursal - 49. Privilegios - 50. El organo jurisdiccional - 51. Funcionarios y empleados de los concursos - 52. Reglaci&#xF3;n de honorarios - 53. Reglas procesales - 54. Incidentes en los concursos - 55. Los concursos civiles - 56. Registro nacional de los concursos - 57. Disposiciones transitorias de la ley 19.551 - 58. Reformas directivas e indirectas introducidas en la ley 19.551 hasta el presente - Apendice.</subfield>
  </datafield>
  <datafield tag="942" ind1=" " ind2=" ">
    <subfield code="c">BK</subfield>
  </datafield>
  <datafield tag="590" ind1=" " ind2=" ">
    <subfield code="a">niveau_biblio:m niveau_hierar:0</subfield>
  </datafield>
  <datafield tag="100" ind1="1" ind2=" ">
    <subfield code="a">Garrone, Jos&#xE9; Alberto</subfield>
  </datafield>
  <datafield tag="700" ind1="1" ind2=" ">
    <subfield code="a">Bonfanti, Mario Alberto</subfield>
  </datafield>
  <datafield tag="856" ind1="4" ind2="1">
    <subfield code="u">https://biblioeco.unsa.edu.ar/pmb/images/libros/Concursos y Quiebra 2ed 3ed(2).jpg</subfield>
    <subfield code="y">Imagen de portada</subfield>
    <subfield code="q">image/jpeg</subfield>
  </datafield>
  <datafield tag="999" ind1=" " ind2=" ">
    <subfield code="c">1501</subfield>
    <subfield code="d">1501</subfield>
  </datafield>
  <datafield tag="952" ind1=" " ind2=" ">
    <subfield code="0">0</subfield>
    <subfield code="1">0</subfield>
    <subfield code="4">0</subfield>
    <subfield code="7">0</subfield>
    <subfield code="a">BCEJYS</subfield>
    <subfield code="b">BCEJYS</subfield>
    <subfield code="c">16</subfield>
    <subfield code="d">2026-04-07</subfield>
    <subfield code="l">0</subfield>
    <subfield code="o">347.736 B713 3ed.</subfield>
    <subfield code="p">L33623</subfield>
    <subfield code="r">2026-04-07 15:55:45</subfield>
    <subfield code="w">2026-04-07</subfield>
    <subfield code="y">L</subfield>
  </datafield>
  <datafield tag="952" ind1=" " ind2=" ">
    <subfield code="0">0</subfield>
    <subfield code="1">0</subfield>
    <subfield code="4">0</subfield>
    <subfield code="7">0</subfield>
    <subfield code="a">BCEJYS</subfield>
    <subfield code="b">BCEJYS</subfield>
    <subfield code="c">16</subfield>
    <subfield code="d">2026-04-07</subfield>
    <subfield code="l">0</subfield>
    <subfield code="o">347.736 B713 3ed.</subfield>
    <subfield code="p">L33660</subfield>
    <subfield code="r">2026-04-07 15:55:45</subfield>
    <subfield code="w">2026-04-07</subfield>
    <subfield code="y">L</subfield>
  </datafield>
  <datafield tag="952" ind1=" " ind2=" ">
    <subfield code="0">0</subfield>
    <subfield code="1">0</subfield>
    <subfield code="4">0</subfield>
    <subfield code="7">0</subfield>
    <subfield code="a">BCEJYS</subfield>
    <subfield code="b">BCEJYS</subfield>
    <subfield code="c">16</subfield>
    <subfield code="d">2026-04-07</subfield>
    <subfield code="l">0</subfield>
    <subfield code="o">347.736 B713 3ed.</subfield>
    <subfield code="p">L33817</subfield>
    <subfield code="r">2026-04-07 15:55:45</subfield>
    <subfield code="w">2026-04-07</subfield>
    <subfield code="y">L</subfield>
  </datafield>
  <datafield tag="952" ind1=" " ind2=" ">
    <subfield code="0">0</subfield>
    <subfield code="1">0</subfield>
    <subfield code="4">0</subfield>
    <subfield code="7">0</subfield>
    <subfield code="a">BCEJYS</subfield>
    <subfield code="b">BCEJYS</subfield>
    <subfield code="c">16</subfield>
    <subfield code="d">2026-04-07</subfield>
    <subfield code="l">0</subfield>
    <subfield code="o">347.736 B713 3ed.</subfield>
    <subfield code="p">L33914</subfield>
    <subfield code="r">2026-04-07 15:55:45</subfield>
    <subfield code="w">2026-04-07</subfield>
    <subfield code="y">L</subfield>
  </datafield>
  <datafield tag="952" ind1=" " ind2=" ">
    <subfield code="0">0</subfield>
    <subfield code="1">0</subfield>
    <subfield code="4">0</subfield>
    <subfield code="7">0</subfield>
    <subfield code="a">BCEJYS</subfield>
    <subfield code="b">BCEJYS</subfield>
    <subfield code="c">16</subfield>
    <subfield code="d">2026-04-07</subfield>
    <subfield code="l">0</subfield>
    <subfield code="o">347.736 B713 3ed.</subfield>
    <subfield code="p">L33661</subfield>
    <subfield code="r">2026-04-07 15:55:45</subfield>
    <subfield code="w">2026-04-07</subfield>
    <subfield code="y">L</subfield>
  </datafield>
  <datafield tag="952" ind1=" " ind2=" ">
    <subfield code="0">0</subfield>
    <subfield code="1">0</subfield>
    <subfield code="4">0</subfield>
    <subfield code="7">0</subfield>
    <subfield code="a">BCEJYS</subfield>
    <subfield code="b">BCEJYS</subfield>
    <subfield code="c">16</subfield>
    <subfield code="d">2026-04-07</subfield>
    <subfield code="l">0</subfield>
    <subfield code="o">347.736 B713 3ed.</subfield>
    <subfield code="p">L33659</subfield>
    <subfield code="r">2026-04-07 15:55:45</subfield>
    <subfield code="w">2026-04-07</subfield>
    <subfield code="y">L</subfield>
  </datafield>
</record>
